• 首页
  • 本馆介绍
  • 公告通知
  • 最新文献
  • 馆藏检索
  • 电子资源
  • 读者导购
  • 参考咨询
  • 我的图书馆
  • 登录
  • 详细信息显示
  • 放入我的书架
  • 预约/预借图书
  • 作者相关作品
  • 分类相关作品
  • 丛书相关作品
  • 出版社相关作品

书目信息

  • 表格格式
  • 工作单格式
  • 卡片格式
题名:
文明史上的奇葩
    
 
作者: 盛文林 编著
分册:  
出版信息: 北京   北京工业大学出版社  2014
页数: 208页
开本: 24cm
丛书名:
单 册:
中图分类: K731.2
科图分类:
主题词: 玛雅文化--通俗读物 , 玛雅文化
电子资源:
ISBN: 978-7-5639-3758-5
000 00861nam0 2200277 450
001 339668
005 20150608155749.81
010    @a978-7-5639-3758-5@dCNY28.00
090    @aK731@bswl
100    @a20140429d2014 em y0chiy50 ea
101 0  @achi
102    @aCN@b110000
105    @aa z 000yy
106    @ar
200 1  @a文明史上的奇葩@Awen ming shi shang de qi pa@e古玛雅文明@f盛文林编著
210    @a北京@c北京工业大学出版社@d2014
215    @a208页@c彩图@d24cm
300    @a古文明浅读
330    @a本书将带读者走进神奇的玛雅世界, 向读者展示了古代玛雅人的生活状况、婚姻、家庭、社会生活以及卓越的文明成果。
517 1  @a古玛雅文明@Agu ma ya wen ming
606 0  @a玛雅文化@j通俗读物
606 0  @a玛雅文化
690    @aK731.2@v5
701  0 @a盛文林@Asheng wen lin@c(科普)@4编著
801  0 @aCN@b卓展宏图@c20150525
905    @dK731.2@e9@f4
    
    文明史上的奇葩:古玛雅文明/盛文林编著.-北京:北京工业大学出版社,2014
    208页:彩图;24cm
    古文明浅读
    
    ISBN 978-7-5639-3758-5:CNY28.00
    本书将带读者走进神奇的玛雅世界, 向读者展示了古代玛雅人的生活状况、婚姻、家庭、社会生活以及卓越的文明成果。
●
相关链接 在E读中查询图书 在五车中查询图书 在当当中查询图书 在豆瓣中查询图书


正题名:文明史上的奇葩     索取号:K731.2/9         预约/预借

序号 登录号 条形码 馆藏地/架位号 状态 备注
1 863577   208635770   第二样本阅览室/ [索取号:K731.2/9] 在馆    
2 863578   208635789   第二借阅区/ [索取号:K731.2/9] 在馆    
3 863579   208635798   第二借阅区/ [索取号:K731.2/9] 在馆    
4 863580   208635805   密集书库-资源管理系/ [索取号:K731.2/9] 在馆    
唐山师范学院图书馆 欢迎您!
大连网信软件有限公司© 版权所有